000 00598cam a2200205ua 4500
020 _a0-07-99012-3
041 _aeng
_h
082 _a512.5
_bLIP/TH
100 _aLipschutz, Seymour.
245 _aTheory and problems of linear algebra SI(metric) edition /
_cSeymour Lipschutz.
_hTextual Documents
250 _a1 /
_b.
260 _aSingapore :
_bMcGraw-Hill International Book Company ,
_c1981.
300 _a334 ; .
440 0 _aSchaum`s outline series,
_v
_x;
490 0 _aSchaum`s outline series,
_v
_x;
504 _a
942 _cBK
999 _c10125
_d10125